Normal view
MARC view
Entry Topical Term
001 - CONTROL NUMBER
- control field: 35166
003 - CONTROL NUMBER IDENTIFIER
- control field: dpl
005 - DATE AND TIME OF LATEST TRANSACTION
- control field: 20110930170926.0
008 - FIXED-LENGTH DATA ELEMENTS
- fixed length control field: 110930|||a|||||| | ||| d
040 ## - CATALOGING SOURCE
- Original cataloging agency: dpl
- Transcribing agency: dpl
150 ## - HEADING--TOPICAL TERM
- Topical term or geographic name as entry element: Hindi Poems
670 ## - SOURCE DATA FOUND
- Source citation: Work cat.: (dpl)55786: अग्रवाल, घमंडीलाल 35164, मेरे प्रिय बाल गीत /, 2004
670 ## - SOURCE DATA FOUND
- Source citation: Work cat.: (dpl)55786: अग्रवाल, घमंडीलाल 35164, मेरे प्रिय बाल गीत /, 2004
